000 00442nam a2200145 a 4500
001 000046836
005 20201002053138.0
008 180402s2015 000 spa d
020 _a9789945423341
040 _aDO-SdBNP
_bspa
_cBNPHU
245 0 _aAntología I : Taller literario Mariano Lebrón Saviñón.
260 _aSanto Domingo :
_bUniversidad APEC,
_c2015.
300 0 _a129, [14] p. :
_bil. ;
_c24 cm.
590 _aInventariado,2018/DG
999 _c46325
_d46325